000 01360nam a22002057a 4500
999 _c63149
_d63149
005 20251125233102.0
008 s2553 th tha d
040 _aNALT
041 _atha
090 _aIS 5/2553 12
100 0 _aสุวิสา อินทแพทย์
245 1 0 _aการเพิ่มประสิทธิภาพการใช้จ่ายงบประมาณงบลงทุนของหน่วยงานภายใน สำนักงานเลขาธิการสภาผู้แทนราษฎร (เอกสารวิชาการกรณีศึกษาส่วนบุคคล)
260 3 _aกรุงเทพฯ :
_bรัฐสภา,
_c2553
300 _a37 หน้าแผนภาพ, ตาราง ;
_b 30 ซม.
650 0 4 _aสำนักงานเลขาธิการสภาผู้แทนราษฎร. สำนักการคลังและงบประมาณ. กลุ่มงานงบประมาณ -- การศึกษาเฉพาะกรณี -- การใช้จ่ายงบประมาณงบลงทุน
850 _aNALT
856 4 0 _uhttps://hdl.handle.net/20.500.14156/18429
942 _cIS
_2local